Filosofía y lenguaje
Guardat en:
| Autor principal: | |
|---|---|
| Format: | Llibre |
| Idioma: | espanyol |
| Publicat: |
Barcelona
Ariel
1970
|
| Col·lecció: | Ariel quincenal
|
| Matèries: | |
| Etiquetes: |
Afegir etiqueta
Sense etiquetes, Sigues el primer a etiquetar aquest registre!
|
MARC
| LEADER | 00000nam a2200000 a 4500 | ||
|---|---|---|---|
| 001 | UCZ0050 | ||
| 003 | CL-VaPUC | ||
| 008 | 950724e19700000SP |||||||||||||||||spa|d | ||
| 082 | 0 | 4 | |a 401 |b LLE |2 21 |
| 100 | |a Lledó Iñigo, Emilio |e autor |9 503889 | ||
| 245 | 1 | 0 | |a Filosofía y lenguaje |
| 300 | |a 186 p | ||
| 942 | |c BK | ||
| 945 | |d 19950724 00:00:00 |a cmena | ||
| 260 | |a Barcelona |b Ariel |c 1970 | ||
| 650 | 0 | |a Lingüística |9 265068 | |
| 650 | 0 | |a Filosofía |9 223554 | |
| 650 | 7 | |a TEORIA LINGUISTICA |2 CL-VaPUC |9 334835 | |
| 650 | 0 | |a Filología |9 321245 | |
| 583 | |a last modification |c 20181024 16:38:00 |k Rodrigo Vera | ||
| 490 | 0 | |a Ariel quincenal | |
| 999 | |c 237024 |d 237022 | ||
| 952 | |0 0 |1 0 |4 0 |6 401_000000000000000_LLE_1970 |7 0 |8 A |9 245682 |a BIBEDU |b BIBEDU |d 2019-11-18 |i 1566164 |o 401 LLE 1970 |p 1566164 |r 2019-11-18 |w 2019-11-18 |y BK |k FIL | ||